Introducão à linguística românica (Record no. 44696)

MARC details
000 -Etiqueta do registo
Valores 00646cam a22002051 4500
100 ## - Dados gerais de processamento
Dados gerais 19931129d1973 k y0pory5003 ba
101 1# - Língua de publicação
Língua por
102 ## - País de publicação
País PT
200 1# - Titulo e menção de responsabilidade
Título próprio Introducão à linguística românica
Primeira menção de responsabilidade Iorgu Iordan
Outras menções de responsabilidade trad. Júlia Dias Ferreira
210 #9 - Publicação
Local de publicação Lisboa
Nome do editor Fundação Calouste Gulbenkian,
Data de publicação 1973
215 ## - Descrição física 
Paginação / Volumes 607 p., [1] f.
Dimensões 23 cm
304 ## - Nota relativa ao título
Texto de nota Tít. orig.: Einführung in die Geschichte und Methoden der romanischen Sprachwissenschaften
675 ## - CDU
Notação 80
675 ## - CDU
Notação 804
Edição med
Língua por
700 #1 - Autor principal
Apelido Iordan,
Nome Iorgu
702 #1 - Autor secundário
Apelido Ferreira,
Nome Júlia Dias,
Datas 1939-
Função 730
801 #0 - Fonte de origem
País PT
Agência BN
Regras de catalogação RPC
990 ## - Elementos KOHA
Tipo de documento Livro
Holdings
Aquisição Empréstimo Código de barras Cota Permissão de empréstimo Tipo de documento Nota relativa ao exemplar
Biblioteca Municipal de Redondo Biblioteca Municipal de Redondo 054565 80 IOR   Livro depósito

Powered by Koha